Fenómeno y verdad en Heidegger /
Saved in:
| 主要作者: | |
|---|---|
| 其他作者: | |
| 格式: | 電子 電子書 |
| 語言: | 西班牙语 |
| 出版: |
Bilbao :
Universidad de Deusto,
1997.
|
| 叢編: | Serie Filosofía (Universidad de Deusto) ;
v. 25. |
| 主題: | |
| 在線閱讀: | Digitalia Hispánica |
| 標簽: |
添加標簽
沒有標簽, 成為第一個標記此記錄!
|
MARC
| LEADER | 00000nam a2200000Ii 4500 | ||
|---|---|---|---|
| 001 | DIGDEU1325 | ||
| 003 | NyNyDIG | ||
| 006 | m o d | ||
| 007 | cr ||||||||||| | ||
| 008 | 130501s1997 sp ob 000 0 spa d | ||
| 020 | |a 9788498308495 |q (eBook) | ||
| 020 | |z 9788474854671 | ||
| 020 | |z 8474854679 | ||
| 035 | |a (OCoLC)857077992 | ||
| 040 | |a DGITA |b eng |e pn |c DGITA | ||
| 050 | 1 | 4 | |a B3279.H49 eBook |
| 100 | 1 | |a Echarri, Jaime, |d 1909-1990. | |
| 245 | 1 | 0 | |a Fenómeno y verdad en Heidegger / |c Jaime Echarri ; edición preparada por Juan Iturriaga. |
| 264 | 1 | |a Bilbao : |b Universidad de Deusto, |c 1997. | |
| 300 | |a 1 online resource (236 pages) | ||
| 336 | |a text |b txt |2 rdacontent | ||
| 337 | |a computer |b c |2 rdamedia | ||
| 338 | |a online resource |b cr |2 rdacarrier | ||
| 490 | 1 | |a Serie Filosofía ; |v vol. 25 | |
| 500 | |a "Ofrecemos al lector interesado en filosofía un trabajo postumo del Prof. Jaime Echarri sobre su fenomenología pura y realista. La base del estudio se encuentra en una selección de obras del filósofo alemán Martín Heidegger... El texto fue desarrollado en dos seminarios de doctorado, en los cursos 1979-1980 y 1980-1981. Pero la elaboración del mismo, como se des prende de varias alusiones propias del autor, ha sido objeto de reflexión y de cambios de redacción a lo largo de bastantes años" (p. 9) | ||
| 504 | |a Includes bibliographical references (233-236). | ||
| 600 | 1 | 0 | |a Heidegger, Martin, |d 1889-1976 |x Criticism and interpretation. |
| 650 | 0 | |a Ontology. | |
| 655 | 0 | |a Electronic books. | |
| 700 | 1 | |a Iturriaga Elorza, Juan. | |
| 791 | 2 | |a Digitalia (Firm), |e distributor. | |
| 830 | 0 | |a Serie Filosofía (Universidad de Deusto) ; |v v. 25. | |
| 793 | 0 | |g Digitalia eBook Collection: |a Universidad de Deusto. | |
| 856 | 4 | 0 | |3 Digitalia Hispánica |u https://digitalia.unach.elogim.com/a/15508/ |
| 910 | |a Premium Collection: 2007-2012 | ||